|
|
|
|
| LEADER |
01002nam a2200241 a 4500 |
| 001 |
26561 |
| 008 |
100124s1997 flua b 001 0 eng d |
| 010 |
|
|
|a \\\97155167
|
| 020 |
|
|
|a 8175140134
|
| 020 |
|
|
|a 1574440284
|
| 040 |
|
|
|a INT
|c INT
|d BD-DhAAL
|
| 082 |
0 |
0 |
|a 658.4/08
|2 21
|
| 100 |
1 |
|
|a Sayre, Don.
|
| 245 |
1 |
0 |
|a Inside ISO 14000 :
|b the competitive advantage of environmental management /
|c Don Sayre.
|
| 260 |
|
|
|a Delray Beach, Fla. :
|b St. Lucie Press ;
|a New Delhi :
|b Vanity Books International,
|c 1997.
|
| 300 |
|
|
|a xv, 232 p. :
|b ill. ;
|c 23 cm.
|
| 504 |
|
|
|a Includes bibliographical references and index.
|
| 541 |
1 |
|
|e 00012447
|
| 650 |
|
0 |
|a ISO 14000 Series Standards.
|
| 650 |
|
0 |
|a Industrial management
|x Environmental aspects.
|
| 852 |
4 |
|
|a Ayesha Abed Library
|j General shelf
|
| 999 |
|
|
|c 7146
|d 7146
|
| 952 |
|
|
|0 0
|1 0
|2 ddc
|4 0
|6 658_408000000000000_SAY
|7 0
|9 7424
|a BRACUL
|b BRACUL
|c GEN
|d 2010-01-25
|l 1
|m 18
|o 658.408 SAY
|p 3010012447
|r 2019-04-21
|s 2019-01-16
|t 1
|w 2010-01-25
|y BK
|x Price not available in Register
|